000
00246nam a22000977a 4500
999
_c
11240
_d
11240
008
181113b ||||| |||| 00| 0 eng d
020
_8
9788189928049
100
_a
Sharma,R.D.
_9
6989
245
_a
Mathematics-VIII
260
_a
New Delhi
_b
Dhanpat
_c
2018